[Event "RUS-chT Seniors final"]
[Site "Sochi"]
[Date "2019.05.08"]
[Round "7.3"]
[White "Meister, Jakob"]
[Black "Martynov, Alexandr"]
[Result "1-0"]
[WhiteElo "2418"]
[BlackElo "1844"]
[PlyCount "91"]
[EventDate "2019.05.01"]
[EventType "team-tourn"]
[EventRounds "9"]
[EventCountry "RUS"]
[SourceTitle "CBM 190 Extra"]
[Source "ChessBase"]
[SourceDate "2019.07.15"]
[SourceVersion "1"]
[SourceVersionDate "2019.07.15"]
[SourceQuality "1"]
[WhiteTeam "Cheliabinsk Yuzhnyy Ural"]
[BlackTeam "Sochi Pearl"]
[WhiteTeamCountry "RUS"]
[BlackTeamCountry "RUS"]

1. e4 d5 2. Nc3 d4 3. Nce2 e5 4. d3 Nc6 5. g3 Nf6 6. Bg2 Bg4 7. h3 Be6 8. f4 Bd6 9. f5 Bd7 10. Nf3 Qe7 11. 0-0 0-0-0 12. c3 Kb8 13. c4 h6 14. a3 Rdg8 15. b4 Qe8 16. Rb1 g6 17. fxg6 fxg6 18. c5 Be7 19. b5 Nd8 20. c6 Bc8 21. cxb7 Bxb7 22. Nxe5 Rf8 23. Nc6+ Nxc6 24. bxc6 Qxc6 25. Nf4 Qa6 26. e5 c6 27. Nxg6 Nd5 28. Nxh8 Rxh8 29. Bxd5 cxd5 30. Rf7 Re8 31. Qb3 Ka8 32. Qb5 Qxb5 33. Rxb5 Ba6 34. Rb3 h5 35. Bf4 h4 36. e6 Bc5 37. e7 Bb7 38. Rf8 Rxf8 39. exf8Q+ Bxf8 40. gxh4 Bg7 41. h5 a6 42. h6 Bh8 43. Rb6 Ka7 44. Re6 a5 45. Be5 Bxe5 46. Rxe5 1-0

[Event "RUS-chT Seniors final"]
[Site "Sochi"]
[Date "2019.05.05"]
[Round "5.3"]
[White "Martynov, Alexandr"]
[Black "Dragomarezkij, Evgeni"]
[Result "0-1"]
[WhiteElo "1844"]
[BlackElo "2378"]
[PlyCount "90"]
[EventDate "2019.05.01"]
[EventType "team-tourn"]
[EventRounds "9"]
[EventCountry "RUS"]
[SourceTitle "CBM 190 Extra"]
[Source "ChessBase"]
[SourceDate "2019.07.15"]
[SourceVersion "1"]
[SourceVersionDate "2019.07.15"]
[SourceQuality "1"]
[WhiteTeam "Sochi Pearl"]
[BlackTeam "Moscow Legacy Square"]
[WhiteTeamCountry "RUS"]
[BlackTeamCountry "RUS"]

1. d4 d5 2. Bf4 c5 3. e3 Nc6 4. Nf3 Bg4 5. c3 e6 6. Nbd2 Nf6 7. h3 Bf5 8. Nh4 Bg6 9. Nxg6 hxg6 10. Qf3 Rc8 11. Bg5 a6 12. Bd3 Be7 13. dxc5 Ne5 14. Qe2 Nxd3+ 15. Qxd3 Bxc5 16. Nb3 Qb6 17. Bxf6 gxf6 18. 0-0-0 f5 19. Rhe1 Be7 20. f3 Rd8 21. Qe2 Qc7 22. e4 Bh4 23. exd5 Bxe1 24. Qxe1 0-0 25. dxe6 Rxd1+ 26. Kxd1 Qd6+ 27. Nd4 fxe6 28. Qxe6+ Qxe6 29. Nxe6 Re8 30. Nd4 Kf7 31. Kd2 Kf6 32. f4 g5 33. fxg5+ Kxg5 34. g3 Kf6 35. a4 a5 36. b3 Kg5 37. Nf3+ Kg6 38. Kd3 Rh8 39. h4 Kh5 40. Nd4 Kg4 41. Ne2 Re8 42. b4 Re5 43. Nf4 Kxg3 44. Ng6 Re6 45. h5 f4 0-1

[Event "Sochi Doroshkevich Amateur op"]
[Site "Sochi"]
[Date "2017.12.24"]
[Round "4"]
[White "Zhukov, Anton"]
[Black "Martynov, Alexandr"]
[Result "1-0"]
[WhiteElo "2122"]
[BlackElo "1879"]
[PlyCount "67"]
[EventDate "2017.12.21"]
[EventType "swiss"]
[EventRounds "9"]
[EventCountry "RUS"]
[SourceTitle "CBM 182 Extra"]
[Source "ChessBase"]
[SourceDate "2018.02.23"]
[SourceVersion "1"]
[SourceVersionDate "2018.02.23"]
[SourceQuality "1"]

1. d4 d5 2. c4 e5 3. dxe5 d4 4. a3 Nc6 5. e3 Bf5 6. Nf3 dxe3 7. Qxd8+ Rxd8 8. Bxe3 Bg4 9. Be2 Nge7 10. Nc3 Ng6 11. Nb5 Rd7 12. 0-0 a6 13. Nc3 Ngxe5 14. Nxe5 Nxe5 15. Bxg4 Nxg4 16. Bf4 Bd6 17. Rfe1+ Kd8 18. Bxd6 Rxd6 19. Ne4 Rc6 20. Ng5 Nh6 21. Rad1+ Kc8 22. b3 Rd8 23. Nxh7 Rh8 24. Ng5 Rg6 25. Nf3 Rd8 26. Ne5 Rgd6 27. Rxd6 Rxd6 28. g3 f6 29. Ng6 Nf5 30. Ne7+ Nxe7 31. Rxe7 Rd1+ 32. Kg2 Ra1 33. Rxg7 Rxa3 34. h4 1-0

[Event "RUS-chT Seniors"]
[Site "Sochi"]
[Date "2017.05.08"]
[Round "8.1"]
[White "Karasev, Vladimir I"]
[Black "Martynov, Alexandr"]
[Result "1-0"]
[WhiteElo "2355"]
[BlackElo "1960"]
[PlyCount "43"]
[EventDate "2017.05.01"]
[EventType "team-tourn"]
[EventRounds "10"]
[EventCountry "RUS"]
[SourceTitle "CBM 178 Extra"]
[Source "ChessBase"]
[SourceDate "2017.06.22"]
[SourceVersion "1"]
[SourceVersionDate "2017.06.22"]
[SourceQuality "1"]

1. e4 d5 2. exd5 Qxd5 3. d4 Nc6 4. Nf3 Bg4 5. Be2 0-0-0 6. c4 Qf5 7. Be3 Nf6 8. Nc3 Bxf3 9. Bxf3 Nxd4 10. Bxd4 e5 11. Qb3 Rxd4 12. Qxb7+ Kd8 13. 0-0 Bd6 14. Nb5 Rxc4 15. Rad1 Ne8 16. Rfe1 f6 17. Qd5 Rf4 18. Nxa7 e4 19. Nc6+ Kd7 20. Qxf5+ Rxf5 21. Bg4 Kxc6 22. Bxf5 1-0

[Event "RUS-chT Seniors"]
[Site "Sochi"]
[Date "2017.05.03"]
[Round "3.1"]
[White "Blechzin, Igor"]
[Black "Martynov, Alexandr"]
[Result "1-0"]
[WhiteElo "2260"]
[BlackElo "1960"]
[PlyCount "76"]
[EventDate "2017.05.01"]
[EventType "team-tourn"]
[EventRounds "10"]
[EventCountry "RUS"]
[SourceTitle "CBM 178 Extra"]
[Source "ChessBase"]
[SourceDate "2017.06.22"]
[SourceVersion "1"]
[SourceVersionDate "2017.06.22"]
[SourceQuality "1"]

1. Nf3 d5 2. c4 d4 3. b4 f6 4. d3 e5 5. Qb3 c5 6. b5 Ne7 7. g3 Bf5 8. Bg2 Qc8 9. h3 Ng6 10. Nbd2 Be7 11. a4 Nd7 12. a5 Rb8 13. 0-0 Ndf8 14. Kh2 h5 15. h4 Nh7 16. e3 Nhf8 17. exd4 exd4 18. Re1 Kf7 19. Ne4 Bg4 20. Ba3 Nd7 21. Nxd4 Nxh4 22. gxh4 Qc7+ 23. Ng3 Ne5 24. f4 Rbd8 25. Bd5+ Rxd5 26. cxd5 Kg6 27. fxe5 fxe5 28. Ne6 Bxe6 29. dxe6 Bxh4 30. d4 e4 31. Qf3 Bg5 32. Qxe4+ Kh6 33. Qe5 Bf4 34. Qxc7 Bxc7 35. Kh3 g5 36. Nf5+ Kg6 37. Ne7+ Kg7 38. d5 Kh6 1-0